Library Banner

سردلبراں (Record no. 89978)

MARC details
000 -LEADER
fixed length control field 00456nam a22001457a 4500
005 - DATE AND TIME OF LATEST TRANSACTION
control field 20170110103659.0
008 - FIXED-LENGTH DATA ELEMENTS--GENERAL INFORMATION
fixed length control field 170110b xxu||||| |||| 00| 0 eng d
040 ## - CATALOGING SOURCE
Transcribing agency PK-LaUMT
082 ## - DEWEY DECIMAL CLASSIFICATION NUMBER
Classification number 297.4
Item number MUH-S
100 ## - MAIN ENTRY--PERSONAL NAME
Personal name محمد ذوقی
245 ## - TITLE STATEMENT
Title سردلبراں
Remainder of title خوشترآں باشد کہ سر دلبراں گفتہ آیددر حدیث دیگراں
Statement of responsibility, etc محمد ذوقی
260 ## - PUBLICATION, DISTRIBUTION, ETC. (IMPRINT)
Place of publication, distribution, etc لاہور
Name of publisher, distributor, etc الفیصل
Date of publication, distribution, etc 2008
300 ## - PHYSICAL DESCRIPTION
Extent 576 ص
942 ## - ADDED ENTRY ELEMENTS (KOHA)
Koha item type Books
Holdings
Withdrawn status Lost status Damaged status Home library Current library Date acquired Full call number Barcode Date last seen Price effective from Koha item type
      UMT Main Campus UMT Main Campus 2017-01-10 297.4 MUH-S 103806 2017-01-10 2017-01-10 Books